000
00298cam a22000977a 4500
008
180718b xxu||||| |||| 00| 0 eng d
082
_a
YA084x54 In2h/68
245
_a
Council of scientific and industrial research: handbook
260
_a
Delhi
_b
Publications and Information Dirctorate
_c
300
_a
110+p.
999
_c
499319
_d
499319